Tìm hiểu tính tự lập của trẻ 5 - 6 tuổi tại một số trường Mầm non ở Thành phố Thủ Dầu Một, tỉnh Bình Dương

Báo cáo tổng kết đề tài nghiên cứu khoa học của sinh viên tham gia cuộc thi sinh viên nghiên cứu khoa học năm 2015 - 2016; TM tài liệu tham khảo sau phần kết luận; Gồm 3 chương: Cơ sở lý luận nghiên cứu tìm hiểu tính tự lập của trẻ 5-6 tuổi t...

Descripción completa

Guardado en:
Detalles Bibliográficos
Autor principal: Võ, NgọcThùy An
Otros Autores: Đào,Thị Kim Ngân
Formato: Libro
Lenguaje:Undetermined
Publicado: Bình Dương 2016
Materias:
Acceso en línea:http://lrc.tdmu.edu.vn/opac/search/detail.asp?aID=2&ID=40173
Etiquetas: Agregar Etiqueta
Sin Etiquetas, Sea el primero en etiquetar este registro!
Thư viện lưu trữ: Trung tâm Học liệu Trường Đại học Thủ Dầu Một
LEADER 01611nam a2200193Ia 4500
001 TDMU_40173
008 210410s9999 xx 000 0 und d
082 |a 378.00959774 
100 |a Võ, NgọcThùy An 
245 0 |a Tìm hiểu tính tự lập của trẻ 5 - 6 tuổi tại một số trường Mầm non ở Thành phố Thủ Dầu Một, tỉnh Bình Dương 
245 0 |c Võ NgọcThùy An, ĐàoThị Kim Ngân, Nguyễn Thị Kim Ngân...[và nh.ng.khác] (t.hiện); Nguyễn Thị Ngọc Diệp (h.dẫn) 
260 |a Bình Dương 
260 |c 2016 
300 |a 53 tr 
520 |a Báo cáo tổng kết đề tài nghiên cứu khoa học của sinh viên tham gia cuộc thi sinh viên nghiên cứu khoa học năm 2015 - 2016; TM tài liệu tham khảo sau phần kết luận; Gồm 3 chương: Cơ sở lý luận nghiên cứu tìm hiểu tính tự lập của trẻ 5-6 tuổi tại một số trường mầm non ở thị xã Thủ Dầu Một, tỉnh Bình Dương; Thực trạng và đề xuất biện pháp rèn tính tự lập của trẻ 5-6 tuổi ở trường mầm non; Kết luận và kiến nghị 
650 |a Giáo dục tiểu học  |x Mầm non  |x 5-6 tuổi  |z Thủ Dầu Một (Bình Dương - Việt Nam) 
700 |a Đào,Thị Kim Ngân 
856 |u http://lrc.tdmu.edu.vn/opac/search/detail.asp?aID=2&ID=40173 
980 |a Trung tâm Học liệu Trường Đại học Thủ Dầu Một